A history of accounting thought (Record no. 45578)

MARC details
000 -LEADER
fixed length control field 00723nam a2200181 a 4500
008 - FIXED-LENGTH DATA ELEMENTS--GENERAL INFORMATION
fixed length control field 120416s1977 ||||||||||||||||| || u
020 ## - INTERNATIONAL STANDARD BOOK NUMBER
International Standard Book Number 0882754696
050 ## - LIBRARY OF CONGRESS CALL NUMBER
Classification number HF 5605 Cha
100 ## - MAIN ENTRY--PERSONAL NAME
Personal name Chatfield, Michael
245 12 - TITLE STATEMENT
Title A history of accounting thought
250 ## - EDITION STATEMENT
Edition statement rev ed.
260 ## - PUBLICATION, DISTRIBUTION, ETC.
Place of publication, distribution, etc. Huntington, New York:
Name of publisher, distributor, etc. R. E. Krieger Pub. Co
Date of publication, distribution, etc. 1977
300 ## - PHYSICAL DESCRIPTION
Extent vi, 316p.
350 ## - PRICE (NR) (BK AM CF MU VM SE) [OBSOLETE]
Price 0.00
500 ## - GENERAL NOTE
General note Reprint, with updated bibliography, of the ed. published by the Dryden Press, Hinsdale, Ill. -Includes bibliographies and index.
650 ## - SUBJECT ADDED ENTRY--TOPICAL TERM
Topical term or geographic name entry element ACCOUNTING--HISTORY
995 ## - RECOMMENDATION 995 [LOCAL, UNIMARC FRANCE]
-- 0.00
-- CBU-MAIN LIBRARY (Kitwe)
-- 1
-- 9.95
-- AVAILABLE
-- Annex Low-Usage Collection
Holdings
Withdrawn status Lost status Source of classification or shelving scheme Damaged status Not for loan Home library Current library Shelving location Date acquired Total Checkouts Full call number Barcode Date last seen Price effective from Koha item type
          CBU-MAIN LIBRARY, KITWE. CBU-MAIN LIBRARY, KITWE.   11/30/2022   HF 5605 Cha 005399 11/30/2022 11/30/2022 MONOGRAPH